[Event "Bad Griesbach Seniors op 11th"]
[Site "Bad Griesbach"]
[Date "2008.12.13"]
[Round "7"]
[White "Thonig, Manfred"]
[Black "Breitfuss, Joachim"]
[Result "1-0"]
[WhiteElo "1608"]
[BlackElo "1425"]
[PlyCount "55"]
[EventDate "2008.12.07"]
[EventType "swiss"]
[EventRounds "7"]
[EventCountry "GER"]
[SourceTitle "EXT 2015"]
[Source "ChessBase"]
[SourceDate "2014.11.20"]
[SourceVersion "1"]
[SourceVersionDate "2014.11.20"]
[SourceQuality "1"]

1. f4 d5 2. Nf3 Nf6 3. e3 c5 4. d4 e6 5. c3 Nc6 6. Nbd2 Bd6 7. Ne5 cxd4 8. exd4 Nd7 9. Qg4 0-0 10. Ndf3 f5 11. Qh3 Nf6 12. Bd3 Qe8 13. Be2 Qh5 14. Nh4 Qe8 15. 0-0 Ne4 16. Be3 Be7 17. g4 Bxh4 18. Qxh4 fxg4 19. Bxg4 Rf6 20. Bh5 g6 21. Bf3 Nxe5 22. fxe5 Rf7 23. Bxe4 dxe4 24. Rxf7 Qxf7 25. Rf1 Qc7 26. Qf6 Bd7 27. Bh6 Bb5 28. Qf8+ 1-0

[Event "Bad Griesbach Seniors op 11th"]
[Site "Bad Griesbach"]
[Date "2008.12.09"]
[Round "3"]
[White "Wawrinsky, Ludwig"]
[Black "Breitfuss, Joachim"]
[Result "1-0"]
[WhiteElo "1665"]
[BlackElo "1425"]
[PlyCount "101"]
[EventDate "2008.12.07"]
[EventType "swiss"]
[EventRounds "7"]
[EventCountry "GER"]
[SourceTitle "EXT 2015"]
[Source "ChessBase"]
[SourceDate "2014.11.20"]
[SourceVersion "1"]
[SourceVersionDate "2014.11.20"]
[SourceQuality "1"]

1. e4 c6 2. d4 d5 3. Nc3 dxe4 4. Nxe4 Nd7 5. Bd3 Ngf6 6. Ng5 e6 7. N1f3 h6 8. Nh3 c5 9. c3 cxd4 10. Nxd4 Bc5 11. Bb5 a6 12. Ba4 0-0 13. 0-0 b5 14. Bc2 Bb7 15. Be3 Be4 16. Bb3 e5 17. Nc2 Bxc2 18. Bxc2 Bxe3 19. fxe3 Nc5 20. Qe2 Qb6 21. Rad1 Rad8 22. Nf2 Rxd1 23. Rxd1 Rd8 24. Qf3 Rxd1+ 25. Qxd1 Qb8 26. Ng4 Nxg4 27. Qxg4 Qd8 28. Qf5 e4 29. Qxc5 Qd2 30. Qc8+ Kh7 31. Bxe4+ g6 32. Kf1 Qc1+ 33. Ke2 Qxb2+ 34. Kf3 Qxa2 35. h4 Qe6 36. Qxe6 fxe6 37. h5 Kg7 38. Bxg6 a5 39. Bd3 a4 40. Bxb5 a3 41. Bc4 Kf6 42. Kf4 e5+ 43. Ke4 Kg5 44. Kxe5 Kxh5 45. Kf4 Kg6 46. e4 Kf6 47. g4 Ke7 48. Ke5 Kd7 49. Kd5 Kc7 50. e5 Kd7 51. Ba2 1-0

[Event "Bad Griesbach Seniors op 11th"]
[Site "Bad Griesbach"]
[Date "2008.12.08"]
[Round "2"]
[White "Breitfuss, Joachim"]
[Black "Mahrla, Hans"]
[Result "1-0"]
[WhiteElo "1425"]
[BlackElo "1652"]
[PlyCount "157"]
[EventDate "2008.12.07"]
[EventType "swiss"]
[EventRounds "7"]
[EventCountry "GER"]
[SourceTitle "EXT 2015"]
[Source "ChessBase"]
[SourceDate "2014.11.20"]
[SourceVersion "1"]
[SourceVersionDate "2014.11.20"]
[SourceQuality "1"]

1. d4 Nf6 2. c4 e6 3. Nf3 d5 4. Bg5 dxc4 5. Nc3 a6 6. a4 h6 7. Bd2 b6 8. e3 Bb7 9. Bxc4 Nbd7 10. 0-0 Bd6 11. Re1 0-0 12. e4 e5 13. dxe5 Nxe5 14. Nxe5 Bxe5 15. f4 Qd4+ 16. Kh1 Qxc4 17. fxe5 Nxe4 18. Nxe4 Bxe4 19. Rc1 Qd5 20. Qe2 Bd3 21. Qg4 f5 22. exf6 Rxf6 23. Rxc7 Rg6 24. Qf3 Qd8 25. Qf7+ Kh7 26. Rd7 Qf8 27. Qxf8 Rxf8 28. Rxd3 Rf2 29. Rg1 Re6 30. Bc3 g5 31. Bd4 Rc2 32. Rb3 Re4 33. Rd3 Rc4 34. Bxb6 Rxa4 35. Rd7+ Kg6 36. g4 Rab4 37. Rd6+ Kg7 38. Ba5 Rbc4 39. h3 Re3 40. Bc3+ Kh7 41. Kh2 Rce4 42. Rd7+ Kg8 43. Rg7+ Kf8 44. Rf1+ Ke8 45. Rg8+ Ke7 46. Bf6+ Kd7 47. Rd1+ Kc6 48. Rc8+ Kb7 49. Rc2 Rf3 50. Rd7+ Kb8 51. Rd4 Re8 52. Rd8+ Rxd8 53. Bxd8 Rd3 54. Bf6 Rf3 55. Bg7 Rd3 56. Bxh6 Rd5 57. Rf2 Kc7 58. Rf7+ Kc6 59. Bg7 Rd2+ 60. Kg1 Rd1+ 61. Kf2 Rd2+ 62. Ke1 Rh2 63. Rf3 Kb5 64. Bf6 Kb4 65. Be5 Rh1+ 66. Ke2 a5 67. Bd6+ Ka4 68. b3+ Kb5 69. Kf2 Kc6 70. Kg2 Re1 71. Rf6 Kd5 72. Bc7 Re3 73. Bxa5 Rxb3 74. Rf5+ Ke6 75. Rxg5 Ra3 76. Rf5 Ke7 77. h4 Ke6 78. h5 Ke7 79. h6 1-0

[Event "Bayern-ch Seniors 20th"]
[Site "Bergen"]
[Date "2008.06.15"]
[Round "9.41"]
[White "Breitfuss, Joachim"]
[Black "Frithjof, Ewald"]
[Result "1/2-1/2"]
[WhiteElo "1415"]
[BlackElo "1256"]
[PlyCount "70"]
[EventDate "2008.06.07"]
[EventType "swiss"]
[EventRounds "9"]
[EventCountry "GER"]
[SourceTitle "EXT 2022"]
[Source "ChessBase"]
[SourceDate "2021.10.06"]
[SourceVersion "1"]
[SourceVersionDate "2021.10.06"]
[SourceQuality "1"]

1. d4 Nf6 2. c4 e6 3. Nf3 b6 4. e3 d5 5. cxd5 Nxd5 6. Bd3 Bb7 7. Nc3 Nd7 8. Nxd5 Bxd5 9. 0-0 Nf6 10. Nd2 c5 11. Qa4+ Ke7 12. dxc5 bxc5 13. e4 Bb7 14. Qc2 Rc8 15. b3 Nd7 16. Ba3 Qb6 17. Nc4 Qc7 18. Rac1 f6 19. Nd2 Kf7 20. Qd1 g6 21. Nf3 Bd6 22. Re1 Ne5 23. Nxe5+ Bxe5 24. Bxc5 Bxh2+ 25. Kh1 Qf4 26. Be3 Qh4 27. Qf3 g5 28. Qh3 Qxh3 29. gxh3 Be5 30. Bxa7 h5 31. Kg1 Ra8 32. Bc5 Bf4 33. Ra1 g4 34. hxg4 hxg4 35. Kf1 Rh4 1/2-1/2

[Event "Bayern-ch Seniors 20th"]
[Site "Bergen"]
[Date "2008.06.07"]
[Round "1.34"]
[White "Breitfuss, Joachim"]
[Black "Neumeister, Herbert D"]
[Result "0-1"]
[WhiteElo "1415"]
[BlackElo "1776"]
[PlyCount "52"]
[EventDate "2008.06.07"]
[EventType "swiss"]
[EventRounds "9"]
[EventCountry "GER"]
[SourceTitle "EXT 2022"]
[Source "ChessBase"]
[SourceDate "2021.10.06"]
[SourceVersion "1"]
[SourceVersionDate "2021.10.06"]
[SourceQuality "1"]

1. d4 f5 2. g3 Nf6 3. Bg2 g6 4. Nf3 Bg7 5. 0-0 0-0 6. c4 d6 7. Nc3 Qe8 8. Bg5 Na6 9. Qd2 e5 10. dxe5 dxe5 11. Nd5 Ne4 12. Qe3 Nxg5 13. Nxg5 c6 14. Nc3 Qe7 15. f4 e4 16. Rfd1 h6 17. Nh3 Be6 18. b3 Rad8 19. Nf2 Nc7 20. Rac1 a6 21. Na4 Rxd1+ 22. Rxd1 Rd8 23. Rxd8+ Qxd8 24. Nc5 Bc8 25. h3 Bd4 26. Qc1 Bxc5 0-1

[Event "Bad Griesbach Seniors op 10th"]
[Site "Bad Griesbach"]
[Date "2007.12.06"]
[Round "5"]
[White "Winkler, Karl Heinz"]
[Black "Breitfuss, Joachim"]
[Result "0-1"]
[WhiteElo "1678"]
[BlackElo "1480"]
[PlyCount "103"]
[EventDate "2007.12.02"]
[EventType "swiss"]
[EventRounds "7"]
[EventCountry "GER"]
[SourceTitle "EXT 2015"]
[Source "ChessBase"]
[SourceDate "2014.11.20"]
[SourceVersion "1"]
[SourceVersionDate "2014.11.20"]
[SourceQuality "1"]

1. e4 c6 2. d4 d5 3. exd5 cxd5 4. Nc3 e6 5. Nf3 Bb4 6. Ne5 Nd7 7. Bb5 a6 8. Bxd7+ Bxd7 9. Qf3 Qf6 10. Nxd7 Qxf3 11. gxf3 Bxc3+ 12. bxc3 Kxd7 13. a4 Rc8 14. Kd2 Nf6 15. Rb1 Kc6 16. a5 Nd7 17. Kd3 b6 18. Rg1 g6 19. c4 dxc4+ 20. Kxc4 bxa5 21. Rg5 Nb6+ 22. Kd3 f5 23. c4 Nd7 24. Bd2 a4 25. Rgg1 Rb8 26. Kc3 Rxb1 27. Rxb1 Rb8 28. Rxb8 Nxb8 29. Kb4 a3 30. Kxa3 Nd7 31. Kb4 Kb7 32. Be3 Nb8 33. Kc5 a5 34. Kb5 Nc6 35. d5 exd5 36. cxd5 Ne5 37. f4 Ng4 38. h3 Nxe3 39. fxe3 Kc7 40. Kc5 a4 41. Kb4 Kd6 42. Kxa4 Kxd5 43. Kb3 Ke4 44. Kc3 Kxe3 45. Kc2 Kxf4 46. Kd2 Kg3 47. Ke2 Kxh3 48. Kf3 g5 49. Kf2 g4 50. Kg1 Kg3 51. Kh1 Kf2 52. Kh2 0-1

[Event "Liechtenstein Seniors op 07th"]
[Site "Triesen"]
[Date "2007.05.18"]
[Round "8"]
[White "Dinser, Hans"]
[Black "Breitfuss, Joachim"]
[Result "1/2-1/2"]
[WhiteElo "1914"]
[BlackElo "1821"]
[PlyCount "46"]
[EventDate "2007.05.11"]
[EventType "swiss"]
[EventRounds "9"]
[EventCountry "LIE"]
[SourceTitle "EXT 2010"]
[Source "ChessBase"]
[SourceDate "2010.11.25"]
[SourceVersion "1"]
[SourceVersionDate "2010.11.25"]
[SourceQuality "1"]

1. d4 Nf6 2. c4 e6 3. Nc3 Bb4 4. Bg5 d6 5. e4 h6 6. Bxf6 Qxf6 7. Nge2 Nc6 8. a3 Bxc3+ 9. bxc3 Bd7 10. Ng3 0-0 11. Bd3 e5 12. d5 Ne7 13. 0-0 c6 14. Rb1 b6 15. Qd2 cxd5 16. exd5 Bf5 17. Bxf5 Nxf5 18. Qd3 Nxg3 19. fxg3 Qe7 20. Qe4 Rac8 21. h3 Rc7 22. Kh2 Rfc8 23. Rb4 Rc5 1/2-1/2

[Event "Bad Griesbach Seniors op 09th"]
[Site "Bad Griesbach"]
[Date "2006.12.09"]
[Round "7"]
[White "Breitfuss, Joachim"]
[Black "Ulmer, Heinz"]
[Result "1/2-1/2"]
[WhiteElo "1449"]
[BlackElo "1656"]
[PlyCount "84"]
[EventDate "2006.12.03"]
[EventType "swiss"]
[EventRounds "7"]
[EventCountry "GER"]
[SourceTitle "EXT 2015"]
[Source "ChessBase"]
[SourceDate "2014.11.20"]
[SourceVersion "1"]
[SourceVersionDate "2014.11.20"]
[SourceQuality "1"]

1. d4 d5 2. c4 e6 3. Nc3 Nf6 4. Bg5 Nbd7 5. Nf3 c6 6. e3 Qa5 7. Nd2 dxc4 8. Bxf6 Nxf6 9. Bxc4 Bd6 10. 0-0 Qc7 11. h3 0-0 12. Nce4 Nxe4 13. Nxe4 Be7 14. Rc1 Rd8 15. Bd3 e5 16. dxe5 Qxe5 17. Qc2 Be6 18. f4 Qa5 19. Nc3 g6 20. f5 gxf5 21. Bxf5 Qe5 22. Bxh7+ Kf8 23. Qf2 Bg5 24. Rce1 Ke7 25. Bf5 Rh8 26. Bxe6 Qxe6 27. Qg3 Bh4 28. Qc7+ Kf8 29. Re2 Kg7 30. Rd1 Rae8 31. Qf4 Qg6 32. Rd6 f6 33. Rd7+ Kf8 34. Qd6+ Kg8 35. Rd2 Bg3 36. Rd4 Rxe3 37. Rd8+ Kf7 38. Rd7+ Kg8 39. Rd8+ Kf7 40. Qd7+ Re7 41. Qxe7+ Kxe7 42. Rxh8 Qc2 1/2-1/2

[Event "Bad Griesbach Seniors op 09th"]
[Site "Bad Griesbach"]
[Date "2006.12.03"]
[Round "1"]
[White "Breitfuss, Joachim"]
[Black "Wawrinsky, Ludwig"]
[Result "1-0"]
[WhiteElo "1449"]
[BlackElo "1699"]
[PlyCount "56"]
[EventDate "2006.12.03"]
[EventType "swiss"]
[EventRounds "7"]
[EventCountry "GER"]
[SourceTitle "EXT 2015"]
[Source "ChessBase"]
[SourceDate "2014.11.20"]
[SourceVersion "1"]
[SourceVersionDate "2014.11.20"]
[SourceQuality "1"]

1. d4 Nf6 2. c4 e6 3. Nf3 b6 4. e3 Bb7 5. Bd3 Ne4 6. 0-0 Be7 7. b3 0-0 8. Bb2 f5 9. Nc3 Qe8 10. d5 Nxc3 11. Bxc3 exd5 12. cxd5 Bxd5 13. Nd4 Qg6 14. f3 Bb7 15. Qc2 Nc6 16. Nxf5 Qh5 17. Nxg7 Qh6 18. Nf5 Rxf5 19. Bxf5 Qxe3+ 20. Kh1 Qh6 21. Bxd7 Bd6 22. Bh3 Bc8 23. Qe4 Bxh3 24. gxh3 Qxh3 25. Qg4+ Qxg4 26. fxg4 Re8 27. Rf5 Re2 28. Rg5+ Kf8 1-0

[Event "Bayern-ch Seniors 18th"]
[Site "Schloss Schney"]
[Date "2006.07.02"]
[Round "8"]
[White "Breitfuss, Joachim"]
[Black "Conitz, Helmut"]
[Result "1-0"]
[WhiteElo "1385"]
[BlackElo "1440"]
[PlyCount "71"]
[EventDate "2006.06.25"]
[EventType "swiss"]
[EventRounds "9"]
[EventCountry "GER"]
[SourceTitle "EXT 2007"]
[Source "ChessBase"]
[SourceDate "2006.11.23"]
[SourceVersion "1"]
[SourceVersionDate "2006.11.23"]
[SourceQuality "1"]

1. d4 d5 2. c4 dxc4 3. Nf3 c6 4. e3 e6 5. Bxc4 b5 6. Bb3 Bb4+ 7. Bd2 Bxd2+ 8. Nbxd2 Nf6 9. 0-0 0-0 10. Rc1 Bb7 11. Re1 Nbd7 12. Bc2 h6 13. e4 Ne8 14. Qe2 Nc7 15. Qd3 g6 16. b4 a5 17. bxa5 Rxa5 18. Bb3 Qe7 19. d5 exd5 20. exd5 Qd6 21. Ne4 Qa3 22. dxc6 Bxc6 23. Rxc6 Ne6 24. Qxd7 Ra7 25. Qd6 Rd8 26. Qxa3 Rxa3 27. Rd6 Rc8 28. Rb6 Nc7 29. Nd6 Rf8 30. Re7 Rxb3 31. axb3 Nd5 32. Rxb5 Nxe7 33. h3 Rd8 34. Rb7 Nc6 35. Nxf7 Rd1+ 36. Kh2 1-0

[Event "Bayern-ch Seniors 18th"]
[Site "Schloss Schney"]
[Date "2006.06.28"]
[Round "4"]
[White "Jakubowski, Karl"]
[Black "Breitfuss, Joachim"]
[Result "1-0"]
[WhiteElo "1373"]
[BlackElo "1385"]
[PlyCount "51"]
[EventDate "2006.06.25"]
[EventType "swiss"]
[EventRounds "9"]
[EventCountry "GER"]
[SourceTitle "EXT 2007"]
[Source "ChessBase"]
[SourceDate "2006.11.23"]
[SourceVersion "1"]
[SourceVersionDate "2006.11.23"]
[SourceQuality "1"]

1. c4 Nf6 2. d4 e6 3. Nc3 Bb4 4. Bd2 Nc6 5. Nf3 b6 6. g3 Bb7 7. Bg2 d5 8. cxd5 Nxd5 9. Nxd5 Bxd2+ 10. Qxd2 Qxd5 11. 0-0 0-0-0 12. e3 Ne7 13. b3 g5 14. Qe2 g4 15. Nh4 Qh5 16. Bxb7+ Kxb7 17. f3 f5 18. fxg4 fxg4 19. Rf4 Rhg8 20. Raf1 Nd5 21. Rf7 Kc8 22. Ng2 Rg5 23. e4 Nb4 24. Qc4 c5 25. Qxe6+ Kb8 26. Qe7 1-0

[Event "Bayern-ch Seniors 18th"]
[Site "Schloss Schney"]
[Date "2006.06.26"]
[Round "2"]
[White "Bauer, Hermann1111"]
[Black "Breitfuss, Joachim"]
[Result "1-0"]
[WhiteElo "1620"]
[BlackElo "1385"]
[PlyCount "115"]
[EventDate "2006.06.25"]
[EventType "swiss"]
[EventRounds "9"]
[EventCountry "GER"]
[SourceTitle "EXT 2007"]
[Source "ChessBase"]
[SourceDate "2006.11.23"]
[SourceVersion "1"]
[SourceVersionDate "2006.11.23"]
[SourceQuality "1"]

1. Nf3 d5 2. d3 f6 3. g3 e5 4. Bg2 Bb4+ 5. c3 Bd6 6. Nbd2 Ne7 7. 0-0 Nbc6 8. a3 Be6 9. Qc2 Qd7 10. c4 dxc4 11. Nxc4 Bc5 12. b4 Bd4 13. Rb1 b5 14. Ncd2 0-0 15. Bb2 Rad8 16. Rbc1 Bxb2 17. Qxb2 Nd4 18. Nxd4 exd4 19. Qc2 Rc8 20. Nf3 Bd5 21. Qc5 Bxf3 22. Bxf3 c6 23. Rc2 Rc7 24. Rfc1 Rfc8 25. Qh5 g6 26. Qh4 g5 27. Qh5 Qe8 28. Qxe8+ Rxe8 29. Rc5 a6 30. Bxc6 Rec8 31. Bf3 Rxc5 32. Rxc5 Kf8 33. Rxc8+ Nxc8 34. Bb7 Nd6 35. Bxa6 Ke7 36. Kg2 Kd7 37. f4 Kc7 38. fxg5 fxg5 39. Kf3 Kb6 40. Bxb5 Kxb5 41. Kg4 Ka4 42. Kxg5 Kxa3 43. Kh6 Kxb4 44. Kxh7 Kc3 45. g4 Nf7 46. h4 Kd2 47. g5 Ne5 48. g6 Kxe2 49. g7 Ng4 50. Kg6 Ne5+ 51. Kh7 Ng4 52. Kg6 Ne5+ 53. Kf5 Nc6 54. Kf6 Kxd3 55. g8Q Kd2 56. Qd5 d3 57. Qxc6 Kd1 58. h5 1-0

[Event "Bayern-ch Seniors 18th"]
[Site "Schloss Schney"]
[Date "2006.06.25"]
[Round "1"]
[White "Breitfuss, Joachim"]
[Black "Reichwald, Klaus Dieter"]
[Result "0-1"]
[WhiteElo "1385"]
[BlackElo "1749"]
[PlyCount "58"]
[EventDate "2006.06.25"]
[EventType "swiss"]
[EventRounds "9"]
[EventCountry "GER"]
[SourceTitle "EXT 2007"]
[Source "ChessBase"]
[SourceDate "2006.11.23"]
[SourceVersion "1"]
[SourceVersionDate "2006.11.23"]
[SourceQuality "1"]

1. d4 Nf6 2. c4 g6 3. Nc3 Bg7 4. e4 d6 5. f3 Nbd7 6. Be3 0-0 7. Nge2 c6 8. g4 e5 9. d5 cxd5 10. cxd5 b6 11. h4 h5 12. gxh5 Nxh5 13. Qd2 Ba6 14. 0-0-0 Rc8 15. Kb1 b5 16. Nc1 b4 17. Nb5 Bxb5 18. Bxb5 Rb8 19. Bc6 Nc5 20. Bxc5 dxc5 21. Nd3 c4 22. Nxb4 Qb6 23. a3 a5 24. Na2 Bh6 25. Qc2 Qc5 26. Ka1 Be3 27. Rb1 Bd4 28. Nc3 Rb3 29. Na4 Rxa3# 0-1

[Event "Niederbayern-ch Seniors 47th"]
[Site "Aidenbach"]
[Date "2006.04.21"]
[Round "6"]
[White "Breitfuss, Joachim"]
[Black "Matzelsberger, Manfred"]
[Result "1/2-1/2"]
[WhiteElo "1368"]
[BlackElo "1284"]
[PlyCount "115"]
[EventDate "2006.04.18"]
[EventType "swiss"]
[EventRounds "7"]
[EventCountry "GER"]
[SourceTitle "EXT 2007"]
[Source "ChessBase"]
[SourceDate "2006.11.23"]
[SourceVersion "1"]
[SourceVersionDate "2006.11.23"]
[SourceQuality "1"]

1. d4 d5 2. c4 dxc4 3. Nf3 Nf6 4. e3 e6 5. Bxc4 Be7 6. 0-0 0-0 7. Nc3 c6 8. e4 b6 9. Bg5 Ba6 10. Bxa6 Nxa6 11. Qa4 Nb8 12. Rfd1 b5 13. Qc2 Nh5 14. Bxe7 Qxe7 15. d5 exd5 16. exd5 Rd8 17. dxc6 Rxd1+ 18. Rxd1 Nxc6 19. Nxb5 Rd8 20. Rxd8+ Qxd8 21. g4 Nf4 22. Qd2 Qb8 23. Nfd4 Nxd4 24. Nxd4 Nh3+ 25. Kg2 Nf4+ 26. Kf1 Qe5 27. Nc6 Qb5+ 28. Ke1 Ng2+ 29. Kd1 Qf1+ 30. Kc2 Qc4+ 31. Kb1 Qf1+ 32. Qc1 Qd3+ 33. Ka1 Qe4 34. Nxa7 Qxg4 35. Qc8+ Qxc8 36. Nxc8 Ne1 37. a4 Nc2+ 38. Kb1 Nb4 39. b3 Kf8 40. f3 Ke8 41. Kb2 Kd7 42. Nb6+ Kc6 43. Nc4 f6 44. Ne3 Kc5 45. Ka3 Nd3 46. Nc2 g5 47. b4+ Kb6 48. a5+ Ka6 49. Kb3 Ne5 50. Ne3 Kb5 51. Kc3 h5 52. h3 f5 53. Kd4 Nc6+ 54. Kd5 g4 55. fxg4 fxg4 56. hxg4 hxg4 57. a6 Nxb4+ 58. Ke4 1/2-1/2

[Event "Niederbayern-ch Seniors 47th"]
[Site "Aidenbach"]
[Date "2006.04.19"]
[Round "3"]
[White "Breitfuss, Joachim"]
[Black "Haletzki, Bernd"]
[Result "0-1"]
[WhiteElo "1368"]
[BlackElo "1926"]
[PlyCount "76"]
[EventDate "2006.04.18"]
[EventType "swiss"]
[EventRounds "7"]
[EventCountry "GER"]
[SourceTitle "EXT 2007"]
[Source "ChessBase"]
[SourceDate "2006.11.23"]
[SourceVersion "1"]
[SourceVersionDate "2006.11.23"]
[SourceQuality "1"]

1. d4 d5 2. c4 e6 3. Nc3 Nf6 4. Bg5 Nbd7 5. e3 c6 6. Nf3 Qa5 7. Nd2 Bb4 8. Qc2 0-0 9. Be2 Re8 10. 0-0 e5 11. h3 exd4 12. Nb3 Qb6 13. Nxd4 Bxc3 14. bxc3 Ne4 15. Bf4 Ndf6 16. f3 Nc5 17. Rab1 Qd8 18. Nb3 Ne6 19. Be5 Nd7 20. Bg3 Qg5 21. Bf2 Nf6 22. h4 Qe5 23. f4 Nxf4 24. exf4 Qxe2 25. Qxe2 Rxe2 26. cxd5 Nxd5 27. Rfe1 Bg4 28. Nd4 Rxe1+ 29. Bxe1 c5 30. Nb5 b6 31. c4 Nxf4 32. Nc7 Rd8 33. Bg3 Ne2+ 34. Kh2 Nxg3 35. Kxg3 h5 36. Nb5 Rd7 37. Re1 a6 38. Nc3 Rd3+ 0-1

[Event "Bad Griesbach Seniors op 08th"]
[Site "Bad Griesbach"]
[Date "2005.12.07"]
[Round "4"]
[White "Bilyavskyy, Borys"]
[Black "Breitfuss, Joachim"]
[Result "1-0"]
[WhiteElo "1714"]
[BlackElo "1410"]
[PlyCount "59"]
[EventDate "2005.12.04"]
[EventType "swiss"]
[EventRounds "9"]
[EventCountry "GER"]
[SourceTitle "EXT 2015"]
[Source "ChessBase"]
[SourceDate "2014.11.20"]
[SourceVersion "1"]
[SourceVersionDate "2014.11.20"]
[SourceQuality "1"]

1. e4 c6 2. d4 d5 3. exd5 cxd5 4. Nf3 Bg4 5. h3 Bxf3 6. Qxf3 Nf6 7. Bd3 Nc6 8. c3 e6 9. 0-0 Be7 10. Re1 0-0 11. Nd2 Re8 12. Nf1 Qc7 13. Bf4 Qb6 14. Re2 Na5 15. g4 Nd7 16. Qg3 Rf8 17. Bc7 Qc6 18. Bxa5 b6 19. Bb4 Bxb4 20. cxb4 b5 21. Nd2 a5 22. bxa5 Rxa5 23. Nb3 Ra4 24. Rae1 Qb6 25. Bb1 Rc4 26. Qe3 f6 27. Qxe6+ Qxe6 28. Rxe6 h6 29. Rd1 Rc2 30. Bxc2 1-0

[Event "Bad Griesbach Seniors op 08th"]
[Site "Bad Griesbach"]
[Date "2005.12.04"]
[Round "1"]
[White "Lamprecht, Friedrich"]
[Black "Breitfuss, Joachim"]
[Result "1-0"]
[WhiteElo "1785"]
[BlackElo "1410"]
[PlyCount "73"]
[EventDate "2005.12.04"]
[EventType "swiss"]
[EventRounds "9"]
[EventCountry "GER"]
[SourceTitle "EXT 2015"]
[Source "ChessBase"]
[SourceDate "2014.11.20"]
[SourceVersion "1"]
[SourceVersionDate "2014.11.20"]
[SourceQuality "1"]

1. e4 c6 2. d4 d5 3. e5 Bf5 4. Bd3 Bxd3 5. Qxd3 e6 6. Nd2 c5 7. c3 Nc6 8. a3 cxd4 9. cxd4 Nge7 10. Ne2 Qb6 11. 0-0 Nf5 12. Nf3 Be7 13. Bd2 0-0 14. g4 Nh4 15. Nxh4 Bxh4 16. g5 Qd8 17. f4 Ne7 18. Bb4 Re8 19. Bxe7 Qxe7 20. Qh3 Bxg5 21. fxg5 Qxg5+ 22. Kh1 Qd2 23. Qf3 Rf8 24. Rfd1 Qa5 25. b4 Qd8 26. Nf4 Qe7 27. Rg1 f6 28. Rae1 Rac8 29. Qh3 Rc6 30. Nh5 Rf7 31. Nxf6+ Rxf6 32. exf6 Qxf6 33. Qe3 Qe7 34. Qe5 Qd7 35. Rg3 g6 36. Rf3 Qg7 37. Qb8+ 1-0

[Event "Chiemgau Seniors Cup 1st"]
[Site "Bergen"]
[Date "2005.10.14"]
[Round "4"]
[White "Breitfuss, Joachim"]
[Black "Scheuerlein, Gerhard"]
[Result "0-1"]
[WhiteElo "1389"]
[BlackElo "1942"]
[PlyCount "122"]
[EventDate "2005.10.11"]
[EventType "swiss"]
[EventRounds "9"]
[EventCountry "GER"]
[SourceTitle "EXT 2007"]
[Source "ChessBase"]
[SourceDate "2006.11.23"]
[SourceVersion "1"]
[SourceVersionDate "2006.11.23"]
[SourceQuality "1"]

1. d4 d5 2. c4 c6 3. cxd5 cxd5 4. Nf3 Nc6 5. Nc3 Bf5 6. Bf4 a6 7. e3 e6 8. Bd3 Bg4 9. h3 Bh5 10. 0-0 Nf6 11. Be2 Bd6 12. Ne5 Bxe2 13. Qxe2 0-0 14. Nxc6 bxc6 15. Bxd6 Qxd6 16. Rac1 Nd7 17. Rc2 Nb6 18. b3 Rfc8 19. Rfc1 a5 20. Nd1 a4 21. Rc3 Nd7 22. Qc2 axb3 23. axb3 Nb8 24. Rc5 Rc7 25. Nc3 Rb7 26. Na4 f6 27. Rb1 e5 28. dxe5 fxe5 29. Rd1 e4 30. Nb2 Ra2 31. Qc3 Rxb2 32. Rcxd5 R2xb3 33. Qxb3 Qxd5 34. Qxd5+ cxd5 35. Rxd5 Rd7 36. Re5 Rd1+ 37. Kh2 Nd7 38. Rxe4 Kf7 39. Rd4 Rxd4 40. exd4 Ke6 41. Kg3 Kd5 42. Kf4 Kxd4 43. g4 Kd5 44. Kf5 Kd6 45. f4 Ke7 46. h4 Kf7 47. h5 Nf6 48. Kg5 Ne4+ 49. Kf5 Ng3+ 50. Ke5 Ke7 51. f5 Kf7 52. Kf4 Ne2+ 53. Kg5 h6+ 54. Kh4 Kf6 55. g5+ hxg5+ 56. Kg4 Nd4 57. Kg3 Nxf5+ 58. Kg4 Nh6+ 59. Kg3 Kf5 60. Kf3 g4+ 61. Kg3 Kg5 0-1

[Event "Bayern-ch Seniors 17th"]
[Site "Schloss Schney"]
[Date "2005.06.17"]
[Round "8"]
[White "Baessler, Arwed"]
[Black "Breitfuss, Joachim"]
[Result "1-0"]
[WhiteElo "1658"]
[BlackElo "1378"]
[PlyCount "63"]
[EventDate "2005.06.10"]
[EventType "swiss"]
[EventRounds "9"]
[EventCountry "GER"]
[SourceTitle "EXT 2006"]
[Source "ChessBase"]
[SourceDate "2005.11.24"]
[SourceVersion "1"]
[SourceVersionDate "2005.11.24"]
[SourceQuality "1"]

1. e4 c6 2. d4 d5 3. Nd2 dxe4 4. Nxe4 Nd7 5. Nf3 Ngf6 6. Ng3 e6 7. Bf4 c5 8. Be2 Qb6 9. Rb1 cxd4 10. Qxd4 Bc5 11. Qa4 Bxf2+ 12. Kf1 Bxg3 13. hxg3 0-0 14. Qd4 Qxd4 15. Nxd4 Ne4 16. Bd3 Ndf6 17. Re1 Nc5 18. Bc4 Re8 19. Nb5 Na6 20. Nd6 Re7 21. a3 b6 22. Nxc8 Rxc8 23. Bxa6 Rxc2 24. b3 Nd5 25. Bc4 Nxf4 26. gxf4 Rd7 27. Rh3 Rd4 28. Rf3 Rcd2 29. Re2 Rxe2 30. Kxe2 Re4+ 31. Kd3 e5 32. Kxe4 1-0

[Event "Niederbayern-ch Seniors 46th"]
[Site "Vilshofen"]
[Date "2005.??.??"]
[Round "2"]
[White "Zacharias, Hans Albert"]
[Black "Breitfuss, Joachim"]
[Result "0-1"]
[WhiteElo "1450"]
[BlackElo "1355"]
[PlyCount "84"]
[EventDate "2005.03.29"]
[EventType "swiss"]
[EventRounds "7"]
[EventCountry "GER"]
[SourceTitle "EXT 2007"]
[Source "ChessBase"]
[SourceDate "2006.11.23"]
[SourceVersion "1"]
[SourceVersionDate "2006.11.23"]
[SourceQuality "1"]

1. e4 c6 2. Nf3 d5 3. exd5 cxd5 4. d4 Bg4 5. Be2 Nc6 6. c3 Nf6 7. h3 Bxf3 8. Bxf3 e6 9. 0-0 Bd6 10. Bg5 h6 11. Be3 0-0 12. Nd2 Qb6 13. b4 a5 14. bxa5 Nxa5 15. Qc2 Rfc8 16. Nb3 Nc4 17. g4 Nxe3 18. fxe3 Qc7 19. Rac1 Ba3 20. Rcd1 Qxc3 21. Qd3 Qxd3 22. Rxd3 Rc2 23. Rf2 Rxf2 24. Kxf2 b5 25. h4 g5 26. h5 Bd6 27. Rd2 Rc8 28. Re2 Nd7 29. e4 dxe4 30. Bxe4 Nb6 31. Na5 Na4 32. Nc6 Nc3 33. Re1 Nxe4+ 34. Rxe4 Rxc6 35. Re2 Rc4 36. Ke3 Rc3+ 37. Ke4 Rg3 38. d5 Rxg4+ 39. Kd3 exd5 40. Re8+ Kg7 41. Rd8 Ba3 42. Rxd5 b4 0-1

[Event "Bad Griesbach Seniors op 7th"]
[Site "Bad Griesbach"]
[Date "2004.12.07"]
[Round "3"]
[White "Breitfuss, Joachim"]
[Black "Sierian, Peter"]
[Result "0-1"]
[WhiteElo "1345"]
[BlackElo "1764"]
[PlyCount "78"]
[EventDate "2004.12.05"]
[EventType "swiss"]
[EventRounds "7"]
[EventCountry "GER"]
[SourceTitle "EXT 2006"]
[Source "ChessBase"]
[SourceDate "2005.11.24"]
[SourceVersion "1"]
[SourceVersionDate "2005.11.24"]
[SourceQuality "1"]

1. d4 d5 2. c4 e6 3. Nf3 Nf6 4. Bg5 Nbd7 5. e3 c6 6. Bd3 dxc4 7. Bxc4 Qa5+ 8. Nc3 Ne4 9. Qa4 Qxa4 10. Nxa4 b5 11. Bd3 Nxg5 12. Nxg5 bxa4 13. 0-0 Be7 14. Ne4 Nf6 15. Nc3 a3 16. bxa3 Bxa3 17. Rab1 0-0 18. Rb3 Bd6 19. e4 Bc7 20. e5 Nd5 21. Ne4 Bd7 22. Nc5 Bc8 23. Rc1 Rb8 24. Ra3 Bb6 25. Rb3 Bc7 26. Ra3 a5 27. Nb3 Nb4 28. Be4 Bb7 29. Nc5 Rfd8 30. Nb3 Bb6 31. Nxa5 Rxd4 32. Bf3 Ra8 33. Nc4 Rxa3 34. Nxa3 g6 35. Rb1 Ba5 36. Rb2 Ba6 37. g3 Rd3 38. Be2 Rxa3 39. Bxa6 Nxa6 0-1